| 000 | 00554nam a22001097a 4500 | ||
|---|---|---|---|
| 082 | _a001 | ||
| 100 |
_aपटेल,मुुरनाल _981993 |
||
| 245 | _a29 वर्ष यूपीएससी Civil Services आईएएस प्रारंभिक परीक्षा टॉपिक वाइज सॉल्वड पेपर्स 1 तथा 2 ( 1995-2023) | ||
| 260 |
_aनयी दिल्ली _bदीशा पब्लिकेशन _c2023 |
||
| 650 |
_aसामान्य ज्ञान _9328 |
||
| 942 | _cHIN | ||
| 999 |
_c66279 _d66279 |
||